MARC

Tag First Indicator Second Indicator Subfields
LEADER 00000cam a2200000 i 4500
001 in00004090413
005 20211120104129.0
006 m o d f
007 cr |||||||||||
008 200218s1975 miu o f000 0 eng c
035 |a (OCoLC)on1140979188 
042 |a pcc 
043 |a n-us--- 
040 |a GPO  |b eng  |e rda  |e pn  |c GPO  |d MvI 
049 |a WWW 
074 |a 0431-I-01 (online) 
086 0 |a EP 1.2:M 85/13 
245 0 0 |a Reduced certification testing for motorcycles. 
264 1 |a [Ann Arbor, Mich.] :  |b Standards Development Support Branch, Emission Control Technology Division, Office of Mobile Source Air Pollution Control, Office of Air and Waste Management, U.S. Environmental Protection Agency,  |c 1975. 
300 |a 1 online resource (24 pages in various pagings). 
336 |a text  |b txt  |2 rdacontent 
337 |a computer  |b c  |2 rdamedia 
338 |a online resource  |b cr  |2 rdacarrier 
490 1 |a Technical support report for regulator[y] action 
500 |a "May 1975." 
500 |a Chiefly tables. 
588 |a Description based on online resource; title from PDF title page (EPA, viewed on February 7, 2020). 
650 0 |a Motorcycles  |z United States  |x Motors  |x Exhaust gas  |v Observations. 
650 0 |a Air quality management  |z United States. 
650 0 |a Air  |x Pollution  |z United States. 
710 1 |a United States.  |b Environmental Protection Agency.  |b Office of Mobile Source Air Pollution Control.  |b Emission Control Technology Division.  |b Standards Development and Support Branch,  |e issuing body. 
776 0 8 |i Print version:  |t Reduced certification testing for motorcycles  |w (OCoLC)716228735 
830 0 |a Technical support report for regulatory action. 
856 4 0 |u https://purl.fdlp.gov/GPO/gpo132146  |t 0 
999 f f |s 343ae928-4a54-3829-8b78-de3d3d587445  |i ba2b1faf-74bd-32c2-9e5c-79c47b79d82f  |t 0 
952 f f |a Texas A&M University  |b College Station  |c Electronic Resources  |d Available Online  |t 0  |e EP 1.2:M 85/13  |h Superintendent of Documents classification 
998 f f |a EP 1.2:M 85/13  |t 0  |l Available Online